Đang tải...

Indian capital market : a functional analysis

Chi tiết về thư mục
Tác giả chính: Pyare, Lal SIngh
Định dạng: Printed Book
Ngôn ngữ:Undetermined
English
Được phát hành: New Delhi Kanishka Publishers Distributors 1994
Những chủ đề:
LIC
RBI
LEADER 00616nam a2200205Ia 4500
008 140306s9999 xx 000 0 und d
020 |a 8173910200 
041 |a eng 
082 |a 332.041  |b PYA/IN 
100 |a Pyare, Lal SIngh 
245 |a Indian capital market : a functional analysis 
260 |a New Delhi  |b Kanishka Publishers Distributors  |c 1994 
300 |a 243 
650 |a ICIC 
650 |a IDBI 
650 |a LIC 
650 |a RBI 
942 |2 ddc  |c BK 
999 |c 185822  |d 185822 
952 |0 0  |1 0  |2 ddc  |4 0  |6 332_041000000000000_PYA_IN  |7 0  |9 191719  |a KAUCBV  |b KAUCBV  |d 2004-11-03  |o 332.041 PYA/IN  |r 2014-03-22  |w 2014-03-22  |y BK